000
00309nam a22001457a 4500
008
210430b ||||| |||| 00| 0 eng d
020
_a
9780078050961
041
_a
eng
080
_a
316
082
_a
316
100
_a
50
101
_a
SOC
245
_a
Human Sexualities
_c
Hutchison,B
942
_2
udc
_c
BK
999
_c
57053
_d
57053